000
00186nam a2200085Ia 4500
008
250605s9999 xx 000 0 und d
041
_a
eng
100
_a
Nikhil Sharma
245
_a
Lodestar UM
999
_c
44257
_d
44257